| 000 | 00522nam a2200133Ia 4500 | ||
|---|---|---|---|
| 008 | 170516s9999 xx 000 0 und d | ||
| 245 | 3 | _aAn innovative approach to investigate the dynamics of the cerebrospinal fluid in the prepontine cistern: A feasibility study using spatial saturation-prepared cine PC-MRI | |
| 260 | _bEuropean Journal of Radiology Open | ||
| 260 | _c2014 | ||
| 300 | _a1: | ||
| 650 | _xRadiologic Technology | ||
| 650 | _xRadtech | ||
| 856 | _uhttp://www.sciencedirect.com/science/journal/23520477/1 | ||
| 999 |
_c332153 _d332153 |
||